000
00251nam a22001217a 4500
082
_a
823
_b
JOS/C
100
_a
JOSEPH, MARY
245
_a
I VALUE COURAGE
260
_a
64
520
_a
ENGLISH SHORT STORY
650
_a
ENGLISH SHORT STORY
942
_c
BK
999
_c
5712
_d
5712